Регионална библиотека "Любен Каравелов" - Русе

Краят на Балканите (Запис номер 488597)

MARC детайли
000 -Лидер
Лидер 01269nam a2200301 a 4500
003 - Код на организацията, давaща контролен номер
Код на организацията, даваща контролен номер BLK
005 - Дата и час на последна редакция
Дата и час на последна редакция 20241216113036.0
008 - Елементи от данни с фиксирана дължина
Елементи с фиксирана дължина 180409b bul|||||r ||||||| ||bul||
020 ## - Международен стандартен номер на книга ISBN
ISBN 9789543987375
040 ## - Източник на каталожния запис
Код на библиотеката BLK
041 ## - Код за език
Език Български
Език за КДБФ Български
080 ## - УДК
УДК текст Международни политически отношения. Световна политика. Международна политика. Дипломация
УДК код 327
УДК – определител (497)
УДК – код + определител 327(497)
100 ## - Редна дума - Автор
R(LIN) 1299
Автор Деластик, Йоргос
245 10 - Сведения за заглавието
Заглавие Краят на Балканите
Авторска отговорност Йоргос Деластик ; прев. Николай Костов.
257 ## - Страна на издаване
Страна на създаване/издаване България
260 ## - Област на издателските данни
Място на издаване София
Име на издателя Труд
Година на издаване 2022
9 (RLIN) 209481
Издателство - префикс ISBN 978-954-398- ; 978-954-528-
300 ## - Физическа характеристика
Брой страници 255 с.
Размер 21 см
380 ## - Жанр
Жанр Обществени науки
650 #4 - Допълнително описание по предмет – тема
Предметна рубрика Балкански полуостров - политика
9 (RLIN) 277179
653 #7 - Ключова дума – ненормативна
Ключови думи балкански държави
9 (RLIN) 181627
700 ## - Други автори (авторска отговорност)
9 (RLIN) 1058
Друг автор Костов, Николай Илиев
Авт. отговорност на др. автор прев. от гр.
852 ## - Местоположение
Сигнатура (форматна) Цб 318551
Отдел Хранилище
856 4# - Електронен адрес и достъп
Електронен формат pdf - файл
Инструкция (цена за достъп) 0.00
Права за достъп disable
856 4# - Електронен адрес и достъп
Електронен формат pdf - файл
Инструкция (цена за достъп) 0.00
Права за достъп disable
942 ## - АРТИКУЛИ
Вид на библиотечния документ Книги
Скрит в OPAC Не
Периодичен библиозапис Да
Koha issues (borrowed), all copies 3
944 ## - СЪЗДАВАНЕ И РЕДАКЦИЯ на ЗАПИСА
Дата на регистрацията/редакция 2023-07-11
Служител, извършил регистрацията/редакцията 30576
Номер на служител Цветомила Тодорова
999 ## - СИСТЕМНИ КОНТРОЛНИ НОМЕРА
Koha biblionumber 488597
Koha biblioitemnumber 488597
Наличности
Код за отписване Код за изгубен артикул Източник на класификационната схема Код за повреда Коз за рестрикции Код за отдаване Артикулен № Име на библиотеката - собственик Име на библиотеката, в която се намира в момента Статус (Текущо местоположение) Дата на вписване в системата Местоположение - отдел Цена в лева Систематично азбучна сигнатура Баркод Цена в евро Служебен тип на артикула Инвентарен номер
  Не е изгубен Universal Decimal Classification Не е повреден без рестрикции заемане за дома 923081 Регионална библиотека "Любен Каравелов" Русе Регионална библиотека "Любен Каравелов" Русе Заемна - подръчен фонд 2023-02-06 Заемна - подръчен фонд 12.74 327/Д 36 Й 120000882548 6.51 Книги  
  Не е изгубен Universal Decimal Classification Не е повреден само за читалня ползва се в читалня 930090 Регионална библиотека "Любен Каравелов" Русе Регионална библиотека "Любен Каравелов" Русе Хранилище 2023-07-14 Хранилище 16.99 Цб 318551 120000889427 8.69 Книги 120000889427
Vip Innovations Ltd, Rousse, Bulgaria 2025